| 000 | 00400nam a22001577a 4500 | ||
|---|---|---|---|
| 999 |
_c8851 _d8851 |
||
| 003 | OSt | ||
| 008 | 200713b ||||| |||| 00| 0 eng d | ||
| 082 | _a615.19TIL | ||
| 100 | _aTiwari , Abhishek | ||
| 245 | _aLaboratory Manual of Pharmaceutical organic chemistry | ||
| 250 | _a2019 | ||
| 260 |
_aNew Delhi _bNirali |
||
| 300 | _a10.4 | ||
| 650 | _aPharmaceutical Organic Chemisty | ||
| 942 |
_2ddc _cBK |
||